000 00363nam a2200145 i 4500
001 bg
100 1 _aDĄBEK, Zbigniew
245 0 _aPodstawy elektronicznej techniki obliczeniowej /
_cZbigniew Dąbek.
260 _aBydgoszcz,
_c1982.
040 _cBPK
041 _apol
080 _a681.322(075.8)
942 _cKS
008 s pl f |000 0 pol
999 _c20553
_d20553
856 _uhttp://koha.tu.koszalin.pl/cgi-bin/koha/opac-detail.pl?biblionumber=20553
_yKatalog online BPK